<?xml version="1.0" encoding="UTF-8"?>
<record
    xmlns:xsi="http://www.w3.org/2001/XMLSchema-instance"
    xsi:schemaLocation="http://www.loc.gov/MARC21/slim http://www.loc.gov/standards/marcxml/schema/MARC21slim.xsd"
    xmlns="http://www.loc.gov/MARC21/slim">

  <leader>00555nam a22001937a 4500</leader>
  <controlfield tag="003">OSt</controlfield>
  <controlfield tag="008">250926b        |||||||| |||| 00| 0 eng d</controlfield>
  <datafield tag="020" ind1=" " ind2=" ">
    <subfield code="a">9788196192907</subfield>
  </datafield>
  <datafield tag="082" ind1=" " ind2=" ">
    <subfield code="a">635.076</subfield>
    <subfield code="b">S46G</subfield>
  </datafield>
  <datafield tag="100" ind1=" " ind2=" ">
    <subfield code="a">Selvakumar, R.</subfield>
  </datafield>
  <datafield tag="245" ind1=" " ind2=" ">
    <subfield code="a">Glaustas Horticulture 2.0 / </subfield>
    <subfield code="c">by R. Selvakumar</subfield>
  </datafield>
  <datafield tag="260" ind1=" " ind2=" ">
    <subfield code="a">.- New Delhi</subfield>
    <subfield code="b">: New Vishal Publication</subfield>
    <subfield code="c">, 2024</subfield>
  </datafield>
  <datafield tag="300" ind1=" " ind2=" ">
    <subfield code="a">1037p.</subfield>
  </datafield>
  <datafield tag="650" ind1=" " ind2=" ">
    <subfield code="a">Technology (Applied Sciences)</subfield>
  </datafield>
  <datafield tag="650" ind1=" " ind2=" ">
    <subfield code="a">Agriculture and Related Technologies</subfield>
  </datafield>
  <datafield tag="650" ind1=" " ind2=" ">
    <subfield code="a">Horticulture</subfield>
  </datafield>
  <datafield tag="650" ind1=" " ind2=" ">
    <subfield code="a">Questions and Answers</subfield>
  </datafield>
  <datafield tag="942" ind1=" " ind2=" ">
    <subfield code="2">ddc</subfield>
    <subfield code="c">RFB</subfield>
  </datafield>
  <datafield tag="999" ind1=" " ind2=" ">
    <subfield code="c">48956</subfield>
    <subfield code="d">48956</subfield>
  </datafield>
  <datafield tag="952" ind1=" " ind2=" ">
    <subfield code="0">0</subfield>
    <subfield code="1">0</subfield>
    <subfield code="2">ddc</subfield>
    <subfield code="4">0</subfield>
    <subfield code="7">0</subfield>
    <subfield code="a">RAU</subfield>
    <subfield code="b">RAU</subfield>
    <subfield code="d">2025-09-26</subfield>
    <subfield code="e">IBPS, Delhi</subfield>
    <subfield code="g">1195.00</subfield>
    <subfield code="o">635.076 S46G</subfield>
    <subfield code="p">84484</subfield>
    <subfield code="r">2025-09-26</subfield>
    <subfield code="w">2025-07-15</subfield>
    <subfield code="y">BK</subfield>
    <subfield code="k">IBPS/005/2024-25</subfield>
  </datafield>
  <datafield tag="952" ind1=" " ind2=" ">
    <subfield code="0">0</subfield>
    <subfield code="1">0</subfield>
    <subfield code="2">ddc</subfield>
    <subfield code="4">0</subfield>
    <subfield code="7">0</subfield>
    <subfield code="a">RAU</subfield>
    <subfield code="b">RAU</subfield>
    <subfield code="d">2025-09-26</subfield>
    <subfield code="e">IBPS, Delhi</subfield>
    <subfield code="g">1195.00</subfield>
    <subfield code="o">635.076 S46G</subfield>
    <subfield code="p">84485</subfield>
    <subfield code="r">2025-09-26</subfield>
    <subfield code="w">2025-07-15</subfield>
    <subfield code="y">BK</subfield>
    <subfield code="k">IBPS/005/2024-25</subfield>
  </datafield>
  <datafield tag="952" ind1=" " ind2=" ">
    <subfield code="0">0</subfield>
    <subfield code="1">0</subfield>
    <subfield code="2">ddc</subfield>
    <subfield code="4">0</subfield>
    <subfield code="7">0</subfield>
    <subfield code="a">RAU</subfield>
    <subfield code="b">RAU</subfield>
    <subfield code="d">2025-09-26</subfield>
    <subfield code="e">IBPS, Delhi</subfield>
    <subfield code="g">1195.00</subfield>
    <subfield code="l">0</subfield>
    <subfield code="o">635.076 S46G</subfield>
    <subfield code="p">84486</subfield>
    <subfield code="r">2025-09-26</subfield>
    <subfield code="w">2025-07-15</subfield>
    <subfield code="y">RFB</subfield>
    <subfield code="k">IBPS/005/2024-25</subfield>
  </datafield>
  <datafield tag="952" ind1=" " ind2=" ">
    <subfield code="0">0</subfield>
    <subfield code="1">0</subfield>
    <subfield code="2">ddc</subfield>
    <subfield code="4">0</subfield>
    <subfield code="7">0</subfield>
    <subfield code="a">RAU</subfield>
    <subfield code="b">RAU</subfield>
    <subfield code="d">2025-09-26</subfield>
    <subfield code="e">IBPS, Delhi</subfield>
    <subfield code="g">1195.00</subfield>
    <subfield code="l">0</subfield>
    <subfield code="o">635.076 S46G</subfield>
    <subfield code="p">84487</subfield>
    <subfield code="r">2025-09-26</subfield>
    <subfield code="w">2025-07-15</subfield>
    <subfield code="y">RFB</subfield>
    <subfield code="k">IBPS/005/2024-25</subfield>
  </datafield>
  <datafield tag="952" ind1=" " ind2=" ">
    <subfield code="0">0</subfield>
    <subfield code="1">0</subfield>
    <subfield code="2">ddc</subfield>
    <subfield code="4">0</subfield>
    <subfield code="7">0</subfield>
    <subfield code="a">RAU</subfield>
    <subfield code="b">RAU</subfield>
    <subfield code="d">2025-09-26</subfield>
    <subfield code="e">IBPS, Delhi</subfield>
    <subfield code="g">1195.00</subfield>
    <subfield code="l">0</subfield>
    <subfield code="o">635.076 S46G</subfield>
    <subfield code="p">84488</subfield>
    <subfield code="r">2025-09-26</subfield>
    <subfield code="w">2025-07-15</subfield>
    <subfield code="y">RFB</subfield>
    <subfield code="k">IBPS/005/2024-25</subfield>
  </datafield>
</record>
